|
|
|
|
| LEADER |
01260nam a2200301 a 4500 |
| 001 |
4770408 |
| 008 |
091231s1988 nyu b 000 0 eng d |
| 010 |
|
|
|a 86021802
|
| 020 |
|
|
|a 039302427X
|
| 020 |
|
|
|a 0393955729 (pbk.)
|
| 040 |
|
|
|a DLC
|c DLC
|d DLC
|d BD-DhAAL
|
| 082 |
0 |
0 |
|a 305.4/0941
|2 19
|
| 100 |
1 |
|
|a Wollstonecraft, Mary,
|d 1759-1797.
|
| 245 |
1 |
2 |
|a A vindication of the rights of woman :
|b an authoritative text, backgrounds, the Wollstonecraft debate, criticism /
|c Mary Wollstonecraft ; edited by Carol H. Poston.
|
| 250 |
|
|
|a 2nd ed.
|
| 260 |
|
|
|a New York :
|b Norton,
|c c1988.
|
| 300 |
|
|
|a xi, 363 p. ;
|c 21 cm.
|
| 490 |
0 |
|
|a A Norton critical edition
|
| 500 |
|
|
|a "The text ... is the second 1792 London edition"--Pref.
|
| 504 |
|
|
|a Includes Bibliography (p. 361-363.)
|
| 541 |
1 |
|
|e 00015058
|
| 650 |
|
0 |
|a Women's rights
|z Great Britain.
|
| 650 |
|
0 |
|a Women
|x Education
|z Great Britain.
|
| 600 |
1 |
0 |
|a Wollstonecraft, Mary,
|d 1759-1797.
|t Vindication of the rights of woman.
|
| 700 |
1 |
|
|a Poston, Carol H.
|
| 852 |
4 |
|
|a Ayesha Abed Library
|j General shelf
|
| 999 |
|
|
|c 6622
|d 6622
|
| 952 |
|
|
|0 0
|1 0
|2 ddc
|4 0
|6 305_409410000000000_WOL_1988
|7 0
|9 6791
|a BRACUL
|b BRACUL
|c GEN
|d 2010-01-03
|l 4
|m 21
|o 305.40941 WOL
|p 3010015058
|r 2026-03-02
|s 2026-02-23
|t 1
|w 2010-01-03
|y BK
|